00994nam a2200289Ia 450000500170000000800410001702000150005810000320007324500680010525000190017330000270019249000230021960000630024265000370030565000410034265000420038365000090042565000350043465000400046970000300050926400310053933600270057033700330059733800280063004000350065808400110069320220317000531.0160601s2004 sp g 000 0 spa d a84261340091 aDickens, Charlesd1812-187010aDavid Copperfield cCharles Dickens ; traducción Rosa Cabrera a1a. edición  a815 páginas c18 cm  aLibros de bolsillo aDickens, Charlesd1812-1870 xCrítica e interpretación142LEMBaNovela inglesa ySiglo XIX142LEMBaLiteratura inglesa ySiglo XIX142LEMBaNovela fantástica ySiglo XIX142LEMB142LEMBaViajes en la literatura 142LEMBaHuérfanos en la literatura 1 aCabrera, Rosaetraductor  aBarcelona bJuventudc2004 atextobtxt2rdacontent asin mediaciónbn2rdamedia avolumenbnc2rdacarrier aCO-BoRNBPbspaerdacCO-BoRNBP aN DIC1